LEADER 04171nam 22007095 450 001 9910482869203321 005 20251202152045.0 010 $a3-030-71400-4 024 7 $a10.1007/978-3-030-71400-0 035 $a(CKB)5590000000472907 035 $a(MiAaPQ)EBC6621447 035 $a(Au-PeEL)EBL6621447 035 $a(OCoLC)1252204599 035 $a(oapen)https://directory.doabooks.org/handle/20.500.12854/70801 035 $a(PPN)255883293 035 $a(ODN)ODN0010171404 035 $a(DE-He213)978-3-030-71400-0 035 $a(EXLCZ)995590000000472907 100 $a20210513d2021 u| 0 101 0 $aeng 135 $aurcnu|||||||| 181 $ctxt$2rdacontent 182 $cc$2rdamedia 183 $acr$2rdacarrier 200 10$aFinance 4.0 - Towards a Socio-Ecological Finance System $eA Participatory Framework to Promote Sustainability /$fedited by Marcus M. Dapp, Dirk Helbing, Stefan Klauser 205 $a1st ed. 2021. 210 1$aCham :$cSpringer International Publishing :$cImprint: Springer,$d2021. 215 $a1 online resource (114 pages) 225 1 $aSpringerBriefs in Applied Sciences and Technology,$x2191-5318 311 08$a3-030-71399-7 327 $aFrom the contents: Introduction: A Historical Perspective and Look into the Future -- Qualified Money ? A Better Financial System for the Future -- Finance 4.0: Socio-Ecological Financial System -- Motivation -- The Finance 4.0 Ambition -- The Finance 4.0 Framework -- Cryptoeconomics and Simulation -- Architecture and Infrastructure -- Identity, Governance, and Proof-Mechanisms -- Early Use Cases -- Research Outlook -- Summary. 330 $aThis Open Access book outlines ideas for a novel, scalable and, above all, sustainable financial system. We all know that today?s global markets are unsustainable and global governance is not effective enough. Given this situation, could one boost smart human coordination, sustainability and resilience by tweaking society at its core: the monetary system? A Computational Social Science team at ETH Zürich has indeed worked on a concept and little demonstrator for a new financial system, called ?Finance 4.0? or just ?FIN4?, which combines blockchain technology with the Internet of Things (?IoT?). What if communities could reward sustainable actions by issuing their own money (?tokens?)? Would people behave differently, when various externalities became visible and were actionable through cryptographic tokens? Could a novel, participatory, multi-dimensional financial system be created? Could it be run by the people for the people and lead to more societal resilience than today?s financial system (which is effectively one-dimensional due to its almost frictionless exchange)? How could one manage such a system in an ethical and democratic way? This book presents some early attempts in a nascent field, but provides a fresh view on what cryptoeconomic systems could do for us, for a circular economy, and for scalable, sustainable action. 410 0$aSpringerBriefs in Applied Sciences and Technology,$x2191-5318 606 $aBlockchains (Databases) 606 $aFinancial engineering 606 $aCapital market 606 $aMacroeconomics 606 $aBlockchain 606 $aFinancial Technology and Innovation 606 $aCapital Markets 606 $aMacroeconomics and Monetary Economics 615 0$aBlockchains (Databases) 615 0$aFinancial engineering. 615 0$aCapital market. 615 0$aMacroeconomics. 615 14$aBlockchain. 615 24$aFinancial Technology and Innovation. 615 24$aCapital Markets. 615 24$aMacroeconomics and Monetary Economics. 676 $a005.824 676 $a005.74 686 $aBUS027000$aBUS027010$aBUS039000$aCOM000000$2bisacsh 700 $aDapp$b Marcus M$0909451 701 $aHelbing$b Dirk$0521591 701 $aKlauser$b Stefan$0909452 801 0$bMiAaPQ 801 1$bMiAaPQ 801 2$bMiAaPQ 906 $aBOOK 912 $a9910482869203321 996 $aFinance 4.0 - Towards a Socio-Ecological Finance System$94522893 997 $aUNINA